000 00643nam a2200217Ii 4500
003 JO-AjNU
008 230605s9999||||xx |||||||||||||| ||und||
017 _a1985/250
040 _aJO-AjNU
_bara
_erda
_cJO-AjNU
041 _aara
050 1 4 _aBP130.4 1985
100 3 _aالنعمة، ابراهيم,
_eauthor
_916053
245 0 0 _aتأملات في آيات القرآن، ج1
250 _aط1
264 3 1 _aد.م: المؤلف، 1985
300 _aج1، 164ص
336 _atext
_btxt
_2rdacontent
337 _aunmediated
_bn
_2rdamedia
338 _avolume
_bnc
_2rdacarrier
650 4 _aالقرآن- تفاسير حديثة
_916054
999 _aA4673
_c8241
_d8241